000 00925nam0a2200265 i 4500
001 RU\NLR\BIBL_A\011274783
005 20260406123041.0
010 _a9785227070050
_94000
021 _aRU
_b2016-84794
_95542
035 _a(NLR Aleph) 011274783
090 _a10839443
_c10839443
100 _a20161118d2016 um y0rusy50 ca
101 1 _arus
_ceng
102 _aRU
105 _ay|||z|||000zy
200 1 _aСледов не оставлять
_eроман
_fДжеймс Хедли Чейз
_g[пер. с англ. В. Перехватова]
210 _aМосква
_cЦентрполиграф
_d2016
215 _a254, [1] с.
_d17
225 1 _aМастер крутого детектива
686 1 _aШ6(4Вл)67-446{Лх1299-60}
700 1 _8rus
_7ca
_aЧейз
_bД. Х.
_f1906-1985
_gДжеймс Хэдли
_3RU\NLR\AUTH\77817
_9110857
942 _cBOOK
980 _aNBR